Historia y ciencias sociales 1º medio: texto para el estudiante

Guardat en:
Dades bibliogràfiques
Autors principals: Cembrano Perasso, Dina (Autor), Cisternas Lara, Luz Eliana (Autor)
Altres autors: Morales Mery, José Manuel (autor)
Format: Llibre
Idioma:espanyol
Publicat: Santiago Zig-Zag 2004
Edició:1a. ed
Matèries:
Etiquetes: Afegir etiqueta
Sense etiquetes, Sigues el primer a etiquetar aquest registre!

MARC

LEADER 00000cam a2200000 a 4500
001 UCJ0473
003 CL-VaPUC
008 060804e20040000CL |||||||||||||||||spa|d
020 |a 9561215713 
082 0 4 |a 900.712  |b CEM  |2 21 
100 0 |a Cembrano Perasso, Dina  |e author  |9 500671 
700 0 |a Cisternas Lara, Luz Eliana  |e author  |9 500672 
700 |a Morales Mery, José Manuel  |e autor  |9 593830 
245 1 0 |a Historia y ciencias sociales 1º medio: texto para el estudiante 
250 |a 1a. ed 
300 |a 341 p 
942 |c BK 
945 |d 20060804 00:00:00  |a jtorresc 
260 |a Santiago  |b Zig-Zag  |c 2004 
650 0 |a Enseñanza de la historia   |9 307330 
650 0 |a Enseñanza de la geografía  |9 310005 
650 0 |a Libros de texto  |9 270019 
583 |a last modification  |c 20170703 12:25:39  |k Rodrigo Vera 
999 |c 317307  |d 317305 
952 |0 0  |1 0  |4 0  |6 900_712000000000000_CEM_2004  |7 0  |8 A  |9 393510  |a BIBHIS  |b BIBHIS  |d 2019-11-22  |i 4256263  |o 900.712 CEM 2004  |p 4256263  |r 2025-01-20  |w 2019-11-22  |y BK  |k HIS 
952 |0 0  |1 0  |4 0  |6 900_712000000000000_CEM_2004  |7 0  |8 A  |9 393511  |a BIBHIS  |b BIBHIS  |d 2019-11-22  |i 4256271  |o 900.712 CEM 2004  |p 4256271  |r 2025-01-20  |w 2019-11-22  |y BK  |k HIS 
952 |0 0  |1 0  |4 0  |6 900_712000000000000_CEM_2004  |7 0  |8 A  |9 393512  |a BIBHIS  |b BIBHIS  |d 2019-11-22  |i 4256212  |o 900.712 CEM 2004  |p 4256212  |r 2025-01-20  |w 2019-11-22  |y BK  |k HIS 
952 |0 0  |1 0  |4 0  |6 900_712000000000000_CEM_2004  |7 0  |8 A  |9 393513  |a BIBHIS  |b BIBHIS  |d 2019-11-22  |i 4256220  |o 900.712 CEM 2004  |p 4256220  |r 2025-01-20  |w 2019-11-22  |y BK  |k HIS 
952 |0 0  |1 0  |4 0  |6 900_712000000000000_CEM_2004  |7 0  |8 A  |9 393514  |a BIBHIS  |b BIBHIS  |d 2019-11-22  |i 4256239  |o 900.712 CEM 2004  |p 4256239  |r 2025-01-20  |w 2019-11-22  |y BK  |k HIS 
952 |0 0  |1 0  |4 0  |6 900_712000000000000_CEM_2004  |7 0  |8 A  |9 393515  |a BIBHIS  |b BIBHIS  |d 2019-11-22  |i 4256247  |o 900.712 CEM 2004  |p 4256247  |r 2025-01-20  |w 2019-11-22  |y BK  |k HIS 
952 |0 0  |1 0  |4 0  |6 900_712000000000000_CEM_2004  |7 0  |8 A  |9 393516  |a BIBHIS  |b BIBHIS  |d 2019-11-22  |i 4256255  |o 900.712 CEM 2004  |p 4256255  |r 2025-01-20  |w 2019-11-22  |y BK  |k HIS 
952 |0 0  |1 0  |3 erb  |4 0  |6 900_712000000000000_CEM_2004  |7 0  |8 A  |9 393518  |a BIBEDU  |b BIBEDU  |i 5148944  |o 900.712 CEM 2004  |p 5148944  |r 2019-11-22  |w 2019-11-22  |y BK  |z Catalogado en:20150507  |k EPE